01434nam a2200301Ia 450000500170000000800410001702000150005808200170007310000360009024501380012625000180026430000400028250000420032250400270036450503550039165000340074665000390078065000390081965000440085870000530090294200120095526400270096733600270099433700330102133800280105404000350108299900150111720220317000457.0160315s2001 ck g 000 0 spa  a958940143004a372.86bT11d1 aTaborda Chaurra, Javier,d1960-10aDesarrollo de la resistencia en el niñobteoría y prácticacJavier Taborda Chaurra ; ilustraciones Carlos Augusto Buriticá C. a1a. edición a132 páginasbilustracionesc21 cm aIncluye datos biográficos del autor aIncluye bibliografía aTeoría y práctica para el desarrollo de la resistencia en niños --El concepto de resistencia adecuado a las necesidades del niño -- Orientaciones para la práctica -- Breve descripción de los contenidos -- Evaluación de la resistencia con el niño en edad escolar -- Problematización y promoción de la resistencia en la edad escolar142LEMBaDeportesxEntrenamiento142LEMBaEducación física y clima142LEMBaAptitudes físicasxPruebas142LEMBaEducación física para niños1 aBuriticá C., Carlos Augustoeilustrador950076 2ddccBK aArmeniabKinesisc2001 atextobtxt2rdacontent asin mediaciónbn2rdamedia avolumenbnc2rdacarrier aCO-BoRNBPbspaerdacCO-BoRNBP c4157d4157